every Dutch formula one driver ever - Statistics

General Stats
  • This quiz has been taken 12 times
  • The average score is 8 of 17
Answer Stats
Hint Answer % Correct
1994-1998,2000-2001,' 2003 Jos verstappen
100%
2015- Max verstappen
100%
2022-2023 Nyck de Vries
100%
2013 Giedo van der Garde
73%
2005 Robert Doornbos
64%
1957-1964 Carel Godin de Beaufort
45%
2005-2007 Christijan Albers
45%
1979-1982,1992 Jan Lammers
45%
1952 Jan flinterman
36%
1962 Ben Pon
27%
1976-1977 Boy Hayje
27%
1962 Rob Slotemaker
27%
1971,1973-1975 Gijs van Lennep
18%
1977-1978 Michael Bleekemolen
18%
1952 Dries van der Lof
9%
1984-1986 Huub Rothengatter
9%
1975 Roelof Wunderink
9%
No matching quizzes found
Score Distribution
Percent of People with Each Score
Percentile by Number Answered
Your Score History
You have not taken this quiz